| 000 | 00415nam a2200133Ia 4500 | ||
|---|---|---|---|
| 008 | 170221s9999 xx 000 0 und d | ||
| 100 | _aIqbal, Uqbah | ||
| 245 | _aBook Review From Poor Migrant To Millionaire | ||
| 245 | _cUqbah Iqbal | ||
| 260 | _c2012 | ||
| 300 | _a32 : 6 | ||
| 650 | _xBusiness | ||
| 856 | _uhttp://www.omicsgroup.org/journals/book-review-from-poor-migrant-to-millionaire-2167-0234-1000195.pdf | ||
| 999 |
_c311267 _d311267 |
||